| 000 | 00742nam a2200205Ia 4500 | ||
|---|---|---|---|
| 008 | 210417s9999 xx 000 0 und d | ||
| 020 | _a9780323057653 | ||
| 020 | _b323057659 | ||
| 082 | _a618.690231 MCD | ||
| 082 | _b2.618.690231MCD | ||
| 245 | 0 | _a"Virtual clinical excursions, Pacific View Regional Hospital Stuart, Principles and practice of psychiatric nursing, 9th ed." | |
| 245 | 0 | _cVirtual clinical excursions Pacific View Regional Hospital Stuart Principles and practice of psychiatric nursing 9th ed | |
| 250 | _a9th ed. | ||
| 250 | _b"x, 180 p. : ill ; 28 cm. ; pbk." | ||
| 260 | _aSt. Louis | ||
| 260 | _bElsevier Mosby | ||
| 260 | _c2009 | ||
| 700 | _a"McDonald, Susan Fertig." | ||
| 700 | _bby Susan Fertig McDonald | ||
| 999 |
_c437365 _d437365 |
||